| 000 | 00677nam a2200193Ia 4500 | ||
|---|---|---|---|
| 003 | IN-BaIIA | ||
| 008 | 211028s9999 xx 000 0 eng d | ||
| 040 | _cIIA Library | ||
| 080 |
_a52-37 _bINS |
||
| 245 | 0 |
_aInterstellar communication _bthe search for extraterrestrial life, a collection of reprints and original contributions _cedited by Cameron, A. G. W |
|
| 260 |
_aNew York _bW. A. Benjamin _c1963 |
||
| 300 | _axii, 320p. | ||
| 490 | _aPhysical Investigations of the Universe | ||
| 650 | _aAstronomy and astrophysics thesaurus | ||
| 650 |
_aInterstellar communication _97541 |
||
| 650 |
_aOrigin of life _93519 |
||
| 700 |
_aCameron, A. G. W., ed. _94211 |
||
| 942 | _cBK | ||
| 999 |
_c4288 _d4288 |
||